Wine Regions of Champagne - Statistics

General Stats
  • This quiz has been taken 165 times
  • The average score is 4 of 5
Answers on the Map
Answers color-coded by a green-red scale on the quiz's map according to % correct below.
 
Answer Stats
Answer % Correct
Montagne de Reims
80%
Côte des Bar
72%
Côte des Blancs
72%
Vallée de la Marne
71%
Côte de Sézanne
63%
No matching quizzes found
Score Distribution
Percent of People with Each Score
Percentile by Number Answered
Your Score History
You have not taken this quiz